MDQL
is popping MORE tags! Check the
thread
!
Quizzes
Events
Quiz Creation
Community
Videos
Private Events
Remove Ads
Sign In
Join for FREE
Feedback
Dark Mode
Quiz Categories
Sports
Geography
Music
Movies
Television
Just For Fun
Miscellaneous
History
Literature
Language
Science
Gaming
Entertainment
Religion
Holiday
For Kids
Quiz Lab
Recent
Popular Today
Quiz Kudos Today
Editor Picks
Curator Picks
Quizzes by...
Day
Popularity
Type
Ratings
Length
Year
Community
Subscriptions
Recent Discussions
Orange Saloon
Badges
Playlists
Quests
Create
Leaderboards
Showdown
Live 5
Trivia Bingo
Activity
Puzzle Library
Sporcle Events
Private Events
Virtual Trivia
Globe League
Become a Host
Pub Owners
SporcleCon
Opinionation
Our Games
Videos
Blog
Mobile Apps
Partnerships
Remove Ads and Go Orange
Feedback
Music
Pop Music
The Beatles
Song
Album
Lyrics
Bands
Singers
Artist
Clip
Rock
Rap
Classical
Billboard
Country Music
Kpop
Taylor Swift
Music
Pop Music
The Beatles
Song
Album
Lyrics
Bands
Singers
Artist
Clip
Rock
Rap
Classical
Billboard
Country Music
Kpop
Taylor Swift
Random Quiz
Search Sporcle
×
Quiz Lab
Quiz Lab
Music
Clip
Type in answers that appear in a list
Type in answers that appear in a list
Classic
Best Score? Go Orange.
Hits in Holland - 6 sec. music clips Stats
Can you name the titles of these songs??
By
eenveandmo
15m
27 Questions
271 Plays
271 Plays
271 Plays
Comments
Comments
Give Quiz Kudos
Give Quiz Kudos
-
- Ratings
hide this ad
Replay
Link that replays current quiz
Next Quiz
Link to next quiz in quiz playlist
You Got
0%
They Got
Avg Score
44%
Avg Friend Score
Upgrade to see
Score Distribution
Jump to the score distribution portion of the page
Score
0/27
Timer
15:00
0
Plays Today
Time
Title
% Correct
0.06
Watskeburt
81%
2.06
Macarena
79.9%
0.18
Relax (take it easy)
72.9%
2.27
15 miljoen mensen
60.6%
0.00
Umbrella
57.6%
1.33
't dondert en 't bliksemt
55.8%
0.56
This love
55.4%
1.40
Genie in a bottle
52.8%
0.40
Somewhere only we know
50.6%
1.09
Lonely
48.7%
2.13
Can you feel the love tonight
46.8%
1.02
Gasoline
45.4%
1.27
Sex on the beach
45.4%
2.00
Mmmbop
44.6%
Time
Title
% Correct
2.47
Nothing compares 2 U
43.9%
1.21
Let's twist again
43.5%
1.47
We like to party
42%
2.54
Tears in Heaven
42%
1.16
Rich girl
39%
0.12
Als de nacht verdwijnt
37.5%
1.53
Quit playing games with my heart
29%
0.34
Move ya body
28.3%
0.25
One (always hardcore)
26.8%
0.47
Naughty Girl
18.6%
2.34
Şımarık
17.8%
2.41
Hey, hey, hey
14.9%
2.20
Living on my own
14.1%
Quiz Playlist
Details
Report
Send in Message
Add To Playlist
Classic:
Type in answers that appear in a list
Last Updated: Feb 16, 2017
Quiz Scoreboard
CHALLENGE
Sign Up to Join the Scoreboard
Show All
Scores
Hide
Comments
May contain spoilers
Recently Published
Find the 'City' Movie
by crazypaving
Movies
60s
5x2 Blitz: Bands
by SL_Kpop136
Music
30s
Colored Red Africa Blitz
by spor1
Geography
30s
More to Explore
Quiz From the Vault
Featured Blog Post
14 Easter Pick-up Lines to Find Eggs With
hide this ad
You Might Also Like...
Tags
Clip Quiz
Song Quiz
dutch
hit
holland
Music Clip
Netherlands
Song Covers
Song List
Today's Top Quizzes in Music
Browse Music
hide this ad
Today's Top Quizzes in Clip
Browse Clip
Top Contributed Quizzes in Music
1
5X2 Blitz: Bands II
2
Taylor Swift Logic Puzzle II
3
Taylor Swift All Songs (2024)
4
5X2 Blitz: The Beatles
5
5X2 Blitz: Billboard
6
5X2 Blitz: Singers
7
5X2 Blitz: Album
8
5X2 Blitz: Rock
9
Music Artist by Three 2010s hits
10
5X2 Blitz: Billboard II
Explore More
Trending Topics
Kpop
Crossword
Anime
Harry Potter
NBA
Marvel
Disney
WWE
Puzzle
Soccer
Song
NFL
Pokémon
The Office
Country
hide this ad
More By:
eenveandmo
Quiz
Plays
Rating
Category
Featured
Created
Dutch baby girl names
301
5.00
Miscellaneous
Nov 21, 2011
Hits in Holland - 6 sec. music clips
271
3.75
Music
Dec 4, 2011
How good is your English?
92
2.67
Miscellaneous
Feb 21, 2015
Change the word (CPE)
61
Language
May 16, 2015
How good is your English 2
60
3.50
Language
Feb 26, 2015
Go to Creator's Profile
Score Distribution
Quiz Creator Spotlight
eenveandmo
Follow
Send a Message
Quizzes Created
-
Created Quiz Play Count
-
More By This Creator
Popular Quizzes Today
1
Colored Red Africa Blitz
2
Find the 'City' Movie
3
5x2 Blitz: Bands
4
Find the US States - No Outlines Minefield
5
The Countries of the World
6
Find the US States
7
US States
8
9x9 Crossword: Cartoon Network
More Music Quizzes
Cats Musical: Name That Cat
Quiz Lab
Trending Quizzes
Colored Red Europe Blitz I
Colored Red Africa Blitz II
Colored Red Europe Blitz II
Colored Red Europe Blitz III
Colored Red Africa Blitz III
Recently Updated
Famous TV Couples
Peacemaker
Champions League XIs: Real Madrid
pecheneg
Largest US Cities 1790-2010
pecheneg
Rides in Walt Disney World
pecheneg
Most Oscar Losses (Acting)
pecheneg
Beyoncé Albums
pecheneg
Leaping Animals
pecheneg
Reality TV Shows (A-Z)
bhenderson79
Rickey Henderson's Hall of Fame Teammates
pecheneg
Champions League XIs: Arsenal
pecheneg
Trending Topics
Crossword
NBA
Disney
Harry Potter
Anime
Kpop
Marvel
NFL
Country
Puzzle
Soccer
WWE
Pokémon
Song
The Office
Your Account Isn't Verified!
In order to create a playlist on Sporcle, you need to verify the email address you used during registration. Go to your
Sporcle Settings
to finish the process.
Report this User
Report this user for behavior that violates our
Community Guidelines
.
Details:
Send Report
Go to the Sporcle.com Mobile Site →
Comments